Sports Quiz

Random Sports or Basketball Quiz
Score 0/145 Timer 20:00
2 Plays Today
Team Player % Correct
Chicago BullsMichael Jordan
96.9%
Chicago BullsScottie Pippen
92.8%
Los Angeles LakersShaquille O'Neal
90%
Orlando MagicShaquille O'Neal
90%
Charlotte HornetsLarry Johnson
89.3%
Phoenix SunsKevin Johnson
89.3%
San Antonio SpursAvery Johnson
89.2%
Utah JazzKarl Malone
88.2%
Utah JazzJeff Malone
87.7%
Indiana PacersReggie Miller
86.2%
New York KnicksPatrick Ewing
84.9%
San Antonio SpursDavid Robinson
84.5%
Milwaukee BucksGlenn Robinson
84.2%
Portland Trail BlazersClifford Robinson
84.2%
Utah JazzJohn Stockton
84.2%
Houston RocketsHakeem Olajuwon
83.8%
Atlanta HawksDominique Wilkins
81.6%
Minnesota TimberwolvesKevin Garnett
80.8%
Detroit PistonsIsiah Thomas
79.9%
Seattle SupersonicsGary Payton
79.4%
Golden State WarriorsTim Hardaway
79.2%
Miami HeatTim Hardaway
79.2%
Orlando MagicAnfernee Hardaway
79.1%
Philadelphia 76ersCharles Barkley
78.9%
Phoenix SunsCharles Barkley
78.9%
Philadelphia 76ersAllen Iverson
77.9%
Charlotte HornetsAlonzo Mourning
77.2%
Miami HeatAlonzo Mourning
77.2%
Seattle SupersonicsShawn Kemp
76.8%
Houston RocketsClyde Drexler
76.3%
Portland Trail BlazersClyde Drexler
76.3%
Atlanta HawksSteve Smith
75.5%
Houston RocketsKenny Smith
75.5%
Golden State WarriorsJoe Smith
75.3%
Toronto RaptorsVince Carter
75%
Washington WizardsChris Webber
72.6%
Detroit PistonsJoe Dumars
70.8%
Denver NuggetsMahmoud Abdul-Rauf
69.6%
Golden State WarriorsChris Mullin
68.4%
Dallas MavericksJim Jackson
68.3%
San Antonio SpursTim Duncan
66.6%
Seattle SupersonicsRicky Pierce
66.5%
Sacramento KingsSpud Webb
65.9%
Chicago BullsHorace Grant
65.3%
Washington WizardsHarvey Grant
65.2%
New York KnicksJohn Starks
64.8%
Cleveland CavaliersMark Price
64.5%
Detroit PistonsGrant Hill
63%
Milwaukee BucksRay Allen
62.8%
Team Player % Correct
Sacramento KingsMitch Richmond
61.4%
Los Angeles LakersEddie Jones
61.2%
Portland Trail BlazersBuck Williams
60.7%
Denver NuggetsReggie Williams
60.7%
Chicago BullsToni Kukoc
59.5%
Indiana PacersDale Davis
59.3%
Charlotte HornetsGlen Rice
58.1%
Miami HeatGlen Rice
58.1%
Denver NuggetsDikembe Mutombo
57.8%
Orlando MagicNick Anderson
57.8%
New Jersey NetsKenny Anderson
57.7%
Indiana PacersRik Smits
57.3%
Boston CelticsAntoine Walker
57.2%
Los Angeles LakersVlade Divac
55.4%
Toronto RaptorsTracy McGrady
54.8%
Utah JazzJeff Hornacek
54.2%
Golden State WarriorsLatrell Sprewell
52.2%
Los Angeles ClippersRon Harper
50.9%
Dallas MavericksDerek Harper
50.8%
Indiana PacersDetlef Schrempf
50.8%
Seattle SupersonicsDetlef Schrempf
50.8%
New York KnicksCharles Oakley
50.1%
New York KnicksAllan Houston
49.7%
Chicago BullsB.J. Armstrong
48.6%
Cleveland CavaliersBrad Daugherty
48.4%
Vancouver GrizzliesShareef Abdur-Rahim
47.4%
Charlotte HornetsMuggsy Bogues
46.9%
Boston CelticsReggie Lewis
46.6%
Los Angeles LakersNick Van Exel
46.4%
Philadelphia 76ersJerry Stackhouse
45.8%
Washington WizardsJuwan Howard
45.5%
Charlotte HornetsDell Curry
44.6%
New Jersey NetsDerrick Coleman
44.5%
Dallas MavericksJamal Mashburn
42.9%
Orlando MagicDennis Scott
42.8%
Toronto RaptorsDamon Stoudamire
41.9%
Vancouver GrizzliesBryant Reeves
40.8%
Boston CelticsDee Brown
40.8%
Phoenix SunsDan Majerle
40.3%
Portland Trail BlazersTerry Porter
40.1%
San Antonio SpursSean Elliott
38.9%
Vancouver GrizzliesMike Bibby
37.9%
Los Angeles ClippersDanny Manning
36.2%
Phoenix SunsDanny Manning
36.1%
Denver NuggetsLaPhonso Ellis
35.8%
Atlanta HawksKevin Willis
35.7%
Minnesota TimberwolvesChristian Laettner
35%
Atlanta HawksMookie Blaylock
33.8%
New York KnicksAnthony Mason
33.6%
Team Player % Correct
Cleveland CavaliersLarry Nance
33.2%
Milwaukee BucksVin Baker
31.5%
Dallas MavericksMichael Finley
31.1%
Utah JazzBryon Russell
29.9%
Houston RocketsVernon Maxwell
29.3%
Houston RocketsOtis Thorpe
29.2%
Boston CelticsRick Fox
27.9%
Cleveland CavaliersTerrell Brandon
27.3%
Philadelphia 76ersHersey Hawkins
26.6%
Phoenix SunsCedric Ceballos
25.6%
Portland Trail BlazersRod Strickland
24.3%
Washington WizardsRod Strickland
24.3%
Denver NuggetsAntonio McDyess
23.8%
New Jersey NetsKendall Gill
23.6%
Orlando MagicScott Skiles
23.6%
Minnesota TimberwolvesDoug West
23.3%
Los Angeles LakersElden Campbell
23.3%
New Jersey NetsKerry Kittles
23.2%
Toronto RaptorsMarcus Camby
22.8%
Seattle SupersonicsSam Perkins
22.6%
Miami HeatRony Seikaly
22.4%
Toronto RaptorsDoug Christie
22%
Dallas MavericksRolando Blackman
21.3%
Minnesota TimberwolvesIsaiah Rider
20.3%
Vancouver GrizzliesGreg Anthony
18.8%
Atlanta HawksStacey Augmon
17.1%
San Antonio SpursVinny Del Negro
15.7%
Philadelphia 76ersClarence Weatherspoon
15.4%
Minnesota TimberwolvesSam Mitchell
14.5%
Detroit PistonsLindsey Hunter
14.4%
Vancouver GrizzliesBlue Edwards
13.3%
Indiana PacersDerrick McKey
12.4%
Los Angeles ClippersLoy Vaught
11.8%
Sacramento KingsCorliss Williamson
11.6%
Sacramento KingsWayman Tisdale
11.2%
Los Angeles ClippersLamond Murray
11%
Cleveland CavaliersDanny Ferry
10.9%
Detroit PistonsTerry Mills
10.7%
New Jersey NetsChris Morris
10.6%
Washington WizardsCalbert Cheaney
9.3%
Sacramento KingsLionel Simmons
8.9%
Los Angeles ClippersRodney Rogers
8.2%
Golden State WarriorsDonyell Marshall
8.1%
Miami HeatBimbo Coles
6.1%
Boston CelticsKevin Gamble
5.1%
Milwaukee BucksFrank Brickowski
3.8%
Milwaukee BucksEric Murdock
3.7%
Remove Ads.
Support Sporcle.
Get the best of Sporcle when you Go Orange. This ad-free experience offers more features, more stats, and more fun while also helping to support Sporcle. Thank you for becoming a member.

You're not logged in!

Compare scores with friends on all Sporcle quizzes.
OR
Log In

Sporcle TV

Today on Sporcle TV


Watch our educational content, quiz creation guides, and fun videos on Sporcle TV.

Show Comments

Extras

Top Quizzes Today


Score Distribution

Paid Content

Your Account Isn't Verified!

In order to create a playlist on Sporcle, you need to verify the email address you used during registration. Go to your Sporcle Settings to finish the process.

Report this User

Report this user for behavior that violates our Community Guidelines.

Details: